000 00567nam a2200157Ia 4500
008 100204s9999 xx 000 0 und d
082 _b25296
100 _aब्रेनॉड फँक
245 _aबिर्स्माकची शिकार
260 _b"मेहता पब्लिशिंग हाऊस , पुणे"
_c1994
300 _a89
630 _aबिर्स्माकची शिकार
700 _aभावे अनंत
730 _aबिर्स्माकची शिकार
942 _cBOOK
999 _c470476
_d470473